Eurovision Song Lyrics - Australia - Statistics

General Stats
  • This quiz has been taken 16 times
  • The average score is 153 of 235
Answer Stats
Answer % Correct
a
100%
I
100%
the
100%
So
86%
to
86%
To
86%
Who
86%
who
86%
you
86%
and
79%
As
79%
it
79%
me
79%
my
79%
My
79%
no
79%
not
79%
on
79%
same
79%
but
71%
heart
71%
I'm
71%
that
71%
They
71%
they
71%
always
64%
at
64%
by
64%
for
64%
game
64%
if
64%
lie
64%
play
64%
said
64%
Then
64%
told
64%
was
64%
We're
64%
Yes
64%
all
57%
asked
57%
be
57%
'Cause
57%
did
57%
father
57%
games
57%
in
57%
kids
57%
Oh
57%
oh
57%
old
57%
other
57%
playing
57%
six
57%
smiled
57%
that's
57%
They'd
57%
this
57%
those
57%
today
57%
want
57%
would
57%
years
57%
Years
57%
away
50%
cold
50%
far
50%
find
50%
it's
50%
lies
50%
never
50%
of
50%
pain
50%
push
50%
tell
50%
you're
50%
another
43%
broken
43%
go
43%
hide
43%
inside
43%
jump
43%
just
43%
like
43%
liked
43%
run
43%
things
43%
Through
43%
tried
43%
Try
43%
way
43%
went
43%
who's
43%
yeah
43%
avoid
36%
been
36%
felt
36%
hard
36%
kind
36%
leave
36%
make
36%
Maybe
36%
mind
36%
one
36%
person
36%
speak
36%
break
29%
Found
29%
talk
29%
word
29%
yourself
29%
you've
29%
bright
21%
cannot
21%
can't
21%
light
21%
realise
21%
shines
21%
'Til
21%
work
21%
who've
14%
No matching quizzes found
Score Distribution
Percent of People with Each Score
Percentile by Number Answered
Your Score History
You have not taken this quiz